Design and analysis of centrifugal compressors / (Record no. 31695)

000 -LEADER
fixed length control field 01068cam a22002658i 4500
001 - CONTROL NUMBER
control field 20809387
005 - DATE AND TIME OF LATEST TRANSACTION
control field 20230717150519.0
008 - FIXED-LENGTH DATA ELEMENTS--GENERAL INFORMATION
fixed length control field 190107s2019 nju b 001 0 eng c
010 ## - LIBRARY OF CONGRESS CONTROL NUMBER
LC control number 2018048134
020 ## - INTERNATIONAL STANDARD BOOK NUMBER
International Standard Book Number 9781119424093 (hardcover)
040 ## - CATALOGING SOURCE
Original cataloging agency WaSeSS/DLC
Language of cataloging eng
Description conventions rda
Transcribing agency WaSeSS
042 ## - AUTHENTICATION CODE
Authentication code pcc
050 00 - LIBRARY OF CONGRESS CALL NUMBER
Classification number TJ 990 .B73 2019
082 00 - DEWEY DECIMAL CLASSIFICATION NUMBER
Classification number 621.406
Edition number 23
100 1# - MAIN ENTRY--PERSONAL NAME
Personal name Braembussche, R. van den,
Relator term author.
245 10 - TITLE STATEMENT
Title Design and analysis of centrifugal compressors /
Statement of responsibility, etc. Professor Rene Van den Braembussche.
263 ## - PROJECTED PUBLICATION DATE
Projected publication date 1901
300 ## - PHYSICAL DESCRIPTION
Extent pages cm
504 ## - BIBLIOGRAPHY, ETC. NOTE
Bibliography, etc Includes bibliographical references and index.
650 #0 - SUBJECT ADDED ENTRY--TOPICAL TERM
Topical term or geographic name as entry element Centrifugal compressors
General subdivision Design and construction.
776 08 - ADDITIONAL PHYSICAL FORM ENTRY
Relationship information Online version:
Main entry heading Braembussche, R. van den, author.
Title Design and analysis of centrifugal compressors
Place, publisher, and date of publication Hoboken, NJ : John Wiley & Sons ; [place of publication not identified] : ASME Press, 2019
International Standard Book Number 9781119424116
Record control number (DLC) 2019002917
906 ## - LOCAL DATA ELEMENT F, LDF (RLIN)
a 7
b cbc
c orignew
d 1
e ecip
f 20
g y-gencatlg
942 ## - ADDED ENTRY ELEMENTS (KOHA)
Source of classification or shelving scheme
Koha item type Hard Covered Materials
Classification part TJ 990 .B73 2019
Holdings
Withdrawn status Lost status Source of classification or shelving scheme Damaged status Not for loan Home library Current library Shelving location Date acquired Source of acquisition Total Checkouts Full call number Barcode Date last seen Price effective from Koha item type
          MACHAKOS UNIVERSITY LIBRARY MACHAKOS UNIVERSITY LIBRARY Open shelf 17/07/2023 Donation (falcon books)   TJ 990 .B73 2019 39491 17/07/2023 17/07/2023 Hard Covered Materials
© Machakos University Library, Along The Highway, Machakos Wote Rd, Machakos, Kenya P.O. Box 136 - 90100 Machakos - Kenya

Tel: ( +254 ) 723 805829 OR Fax : 044-20353 OR Email: library@mksu.ac.ke